|
|
|
|
| LEADER |
00000naa2a2200000 4500 |
| 001 |
400410 |
| 005 |
20231101065404.0 |
| 035 |
|
|
|a (RuTPU)RU\TPU\prd\42727
|
| 035 |
|
|
|a RU\TPU\prd\42721
|
| 090 |
|
|
|a 400410
|
| 100 |
|
|
|a 20060414a2005 k y0rusy50 ca
|
| 101 |
0 |
|
|a rus
|
| 102 |
|
|
|a RU
|
| 200 |
1 |
|
|a Административная реформа и библиотечное обслуживание населения России
|f Ю. А. Гриханов
|
| 225 |
1 |
|
|a Теория и практика: точки пересечения
|i Тема: Управление библиотечным делом
|
| 320 |
|
|
|a Библиогр.: 24 назв.
|
| 461 |
|
0 |
|0 (RuTPU)RU\TPU\prd\7961
|t Библиотечное дело - XXI век
|o приложение к журналу "Библиотековедение"
|o научно-практический сборник
|d 2002-
|
| 463 |
|
0 |
|0 (RuTPU)RU\TPU\prd\42645
|t № 2
|v С. 86-99
|d 2005
|
| 610 |
1 |
|
|a библиотеки
|
| 610 |
1 |
|
|a библиотечное дело
|
| 610 |
1 |
|
|a управление
|
| 610 |
1 |
|
|a административная реформа
|
| 610 |
1 |
|
|a библиотечное обслуживание
|
| 610 |
1 |
|
|a население
|
| 610 |
1 |
|
|a Россия
|
| 700 |
|
1 |
|a Гриханов
|b Ю. А.
|g Юрий Александрович
|
| 801 |
|
1 |
|a RU
|b 63413507
|c 20060413
|g PSBO
|
| 801 |
|
2 |
|a RU
|b 63413507
|c 20060414
|g PSBO
|
| 942 |
|
|
|c BK
|